| 000 | 00920cab a2200241 4500 | ||
|---|---|---|---|
| 001 | ABS68400 | ||
| 008 | 041110n2004 000 0 eng u | ||
| 035 | _a(Sirsi) u127937 | ||
| 100 | _aShaw, P. | ||
| 245 | _aPitched roofs | ||
| 260 | _c2004 | ||
| 490 |
_aLetting Update Journal _v12(3) October 2004, 20-21(2) |
||
| 520 | _aExamines the common problems and defects associated with pitched roofs. Looks at roof felt, slipped slates, turnerising, natural and synthetic slates and clay and concrete tiles. Recommends regular visual inspections of pitched roofs to determine the presence of deteriorating roof materials and other roof defects. Gives further information sources. | ||
| 590 | _aABS | ||
| 650 | _aTILES | ||
| 650 | _aCLAY TILES | ||
| 650 | _aROOF FELT | ||
| 650 | _aTURNERISING | ||
| 650 | _aSLATES | ||
| 650 | _aPITCHED ROOFS | ||
| 690 | _aBUILT ENVIRONMENT-BUILDING PATHOLOGY | ||
| 942 | _n0 | ||
| 999 |
_c74597 _d74597 |
||